Capitals of North America - Statistics

General Stats
  • This quiz has been taken 9 times
  • The average score is 19 of 23
Answer Stats
Country Answer % Correct
Guatemala Guatemala City
100%
Cuba Havana
100%
Jamaica Kingston
100%
St Vincent and the Grenadines Kingstown
100%
Mexico Mexico City
100%
Bahamas Nassau
100%
Canada Ottawa
100%
Panama Panama City
100%
Haiti Port-Au-Prince
100%
Costa Rica San Jose
100%
El Salvador San Salvador
100%
USA Washington DC
100%
Belize Belmopan
83%
Dominican Republic Santo Domingo
83%
St Lucia Castries
67%
Nicaragua Managua
67%
Grenada St George's
67%
Antigua and Barbuda St John's
67%
St Kitts and Nevis Basseterre
50%
Barbados Bridgetown
50%
Trinidad and Tobago Port of Spain
50%
Dominica Roseau
50%
Honduras Tegucigalpa
50%
No matching quizzes found
Score Distribution
Percent of People with Each Score
Percentile by Number Answered
Your Score History
You have not taken this quiz